Testez vos connaissances : Signification des abréviations courantes #2 - Statistiques

Statistiques générales
  • Ce quiz a été pris 73 fois
  • Le résultat moyen est 6 sur 15
Statistiques - réponses
Abréviations Réponses % Correct
CDD Contrat à Durée Déterminée
100%
CDI Contrat à Durée Indéterminée
99%
OMS Organisation Mondiale de la Santé
79%
TVA Taxe sur la Valeur Ajoutée
76%
CAF Caisse d’Allocations Familiales
60%
FMI Fonds Monétaire International
42%
BDE Bureau des Élèves
34%
RSA Revenu de Solidarité Active
30%
SMIC Salaire Minimum Interprofessionnel de Croissance
18%
APL Aide Personnalisée au Logement
12%
PACS Pacte Civil de Solidarité
9%
CROUS Centre Régional des Œuvres Universitaires et Scolaires
4%
CFE Cotisation Foncière des Entreprises
1%
CICE Crédit d’Impôt pour la Compétitivité et l’Emploi
1%
URSSAF Union de Recouvrement des Cotisations de Sécurité Sociale et d’Allocations Familiales
1%
Aucun quiz correspondant
Distribution des résultats
% des personnes avec chaque résultat
Percentile par nombre de réponses
Votre historique - résultats
Vous n’avez pas pris ce quiz